<?xml version="1.0" encoding="UTF-8"?><?xml-stylesheet type="text/xsl" href="static/style.xsl"?><OAI-PMH xmlns="http://www.openarchives.org/OAI/2.0/" xmlns:xsi="http://www.w3.org/2001/XMLSchema-instance" xsi:schemaLocation="http://www.openarchives.org/OAI/2.0/ http://www.openarchives.org/OAI/2.0/OAI-PMH.xsd"><responseDate>2026-04-17T18:44:28Z</responseDate><request verb="GetRecord" identifier="oai:www.recercat.cat:2445/125276" metadataPrefix="marc">https://recercat.cat/oai/request</request><GetRecord><record><header><identifier>oai:recercat.cat:2445/125276</identifier><datestamp>2025-12-04T20:40:12Z</datestamp><setSpec>com_2072_1057</setSpec><setSpec>col_2072_478800</setSpec><setSpec>col_2072_478917</setSpec></header><metadata><record xmlns="http://www.loc.gov/MARC21/slim" xmlns:dcterms="http://purl.org/dc/terms/" xmlns:xsi="http://www.w3.org/2001/XMLSchema-instance" xmlns:doc="http://www.lyncode.com/xoai" xsi:schemaLocation="http://www.loc.gov/MARC21/slim http://www.loc.gov/standards/marcxml/schema/MARC21slim.xsd">
   <leader>00925njm 22002777a 4500</leader>
   <datafield ind2=" " ind1=" " tag="042">
      <subfield code="a">dc</subfield>
   </datafield>
   <datafield ind2=" " ind1=" " tag="720">
      <subfield code="a">Martínez Sánchez, Lidia</subfield>
      <subfield code="e">author</subfield>
   </datafield>
   <datafield ind2=" " ind1=" " tag="720">
      <subfield code="a">Almario Hernández, A.F.</subfield>
      <subfield code="e">author</subfield>
   </datafield>
   <datafield ind2=" " ind1=" " tag="720">
      <subfield code="a">Escuredo Argullós, Laura</subfield>
      <subfield code="e">author</subfield>
   </datafield>
   <datafield ind2=" " ind1=" " tag="720">
      <subfield code="a">Maçao, P.</subfield>
      <subfield code="e">author</subfield>
   </datafield>
   <datafield ind2=" " ind1=" " tag="720">
      <subfield code="a">Trenchs Sainz de la Maza, Victoria</subfield>
      <subfield code="e">author</subfield>
   </datafield>
   <datafield ind2=" " ind1=" " tag="720">
      <subfield code="a">Luaces Cubells, Carles</subfield>
      <subfield code="e">author</subfield>
   </datafield>
   <datafield ind2=" " ind1=" " tag="260">
      <subfield code="c">2018-10-10T16:29:40Z</subfield>
   </datafield>
   <datafield ind2=" " ind1=" " tag="260">
      <subfield code="c">2018-10-10T16:29:40Z</subfield>
   </datafield>
   <datafield ind2=" " ind1=" " tag="260">
      <subfield code="c">2014-10-01</subfield>
   </datafield>
   <datafield ind2=" " ind1=" " tag="260">
      <subfield code="c">2018-10-10T16:29:40Z</subfield>
   </datafield>
   <datafield ind2=" " ind1=" " tag="520">
      <subfield code="a">INTRODUCTION: Poisoning is an infrequent cause of consultation in a pediatric emergency department (PED), but it can be potentially serious. Pediatricians should know how to use the available antidotes properly. OBJECTIVES: To analyze the use of antidotes in a PED and to assess the suitability of their indications. MATERIALS AND METHODS: A retrospective review of antidote use in a PED between January 2008 and June 2012. Inclusion criteria were age younger than 18 years and consultation for suspicious poisoning by a substance that could be treated with an antidote. The adequacy of antidote indication was based on the recommendations of the Spanish Society of Pediatric Emergencies (SSPE). RESULTS: A total of 1728 consultations for suspicious poisoning (0.4% of the total visits in the PED) were recorded. In 353 cases (20.4%) the involved poison could be treated with an antidote. Sixty-seven patients received an antidote (3.9% of consultations for suspicious poisoning), and a total of 69 administrations of an antidote were made: 100% oxygen (46), N-acetylcysteine (10), flumazenil (4), naloxone (3), deferoxamine (2), vitamin K (2), bicarbonate (1), and carnitine (1). In 3 cases there was no indication for administration: flumazenil without respiratory depression, and vitamin K following coumarin exposure. As side effects, agitation was noted after the use of flumazenil, and a decrease in the prothrombin time during infusion of N-acetylcysteine. CONCLUSIONS: The administration of antidotes in this PED is uncommon and, mainly, in accordance with the SSPE recommendations, and without serious side effects. The use of flumazenil needs to be limited to the cases with a clear indication and without any contraindication.</subfield>
   </datafield>
   <datafield tag="653" ind2=" " ind1=" ">
      <subfield code="a">Urgències en pediatria</subfield>
   </datafield>
   <datafield tag="653" ind2=" " ind1=" ">
      <subfield code="a">Antídots</subfield>
   </datafield>
   <datafield tag="653" ind2=" " ind1=" ">
      <subfield code="a">Intoxicació</subfield>
   </datafield>
   <datafield tag="653" ind2=" " ind1=" ">
      <subfield code="a">Infants</subfield>
   </datafield>
   <datafield tag="653" ind2=" " ind1=" ">
      <subfield code="a">Pediatric emergencies</subfield>
   </datafield>
   <datafield tag="653" ind2=" " ind1=" ">
      <subfield code="a">Antidotes</subfield>
   </datafield>
   <datafield tag="653" ind2=" " ind1=" ">
      <subfield code="a">Poisoning</subfield>
   </datafield>
   <datafield tag="653" ind2=" " ind1=" ">
      <subfield code="a">Children</subfield>
   </datafield>
   <datafield ind2="0" ind1="0" tag="245">
      <subfield code="a">Uso de antídotos en un servicio de urgencias pediátricas.</subfield>
   </datafield>
</record></metadata></record></GetRecord></OAI-PMH>